000 00934cam a2200289 a 4500
001 15127098
003 OSt
005 20140310182257.0
008 080104r20071977nyua j 000 1 eng
010 _a 2008270672
020 _a9780553273953
040 _aDLC
_cDLC
042 _alcac
050 0 0 _aPZ 7
_b.L9673 1988
082 0 0 _aFIC
_bL95s 1977
100 1 _aLowry, Lois.
_93746
245 1 2 _aA summer to die /
_cLois Lowry ; illustrated by Jenni Oliver.
250 _a1st trade pbk. ed.
260 _aToronto :
_bBantam Books,
_cc1988.
300 _a120 p. :
_bill. ;
_c17 cm.
541 _j1
562 _e1
700 1 _aOliver, Jenni,
_eill.
_920423
906 _a7
_bcbc
_corigcop
_d2
_encip
_f20
_gy-gencatlg
942 _2lcc
_cBK-FIC
999 _c11498
_d11498